Interface projects for the TRS-80 / (Record no. 176345)
[ view plain ]
| 000 -LEADER | |
|---|---|
| fixed length control field | 00923 a2200217 4500 |
| 003 - CONTROL NUMBER IDENTIFIER | |
| control field | Nust |
| 005 - DATE AND TIME OF LATEST TRANSACTION | |
| control field | 20230526125956.0 |
| 010 ## - LIBRARY OF CONGRESS CONTROL NUMBER | |
| LC control number | 82000343 |
| 020 ## - INTERNATIONAL STANDARD BOOK NUMBER | |
| International Standard Book Number | 0134694295 (pbk.) |
| 020 ## - INTERNATIONAL STANDARD BOOK NUMBER | |
| International Standard Book Number | 0134694376 |
| 040 ## - CATALOGING SOURCE | |
| Transcribing agency | Nust |
| 082 00 - DEWEY DECIMAL CLASSIFICATION NUMBER | |
| Classification number | 004.6,HAL |
| 100 1# - MAIN ENTRY--PERSONAL NAME | |
| Personal name | Hallgren, Richard C. |
| 9 (RLIN) | 95624 |
| 245 10 - TITLE STATEMENT | |
| Title | Interface projects for the TRS-80 / |
| Statement of responsibility, etc. | Richard C. Hallgren. |
| 260 ## - PUBLICATION, DISTRIBUTION, ETC. | |
| Place of publication, distribution, etc. | Englewood Cliffs, N.J. : |
| Name of publisher, distributor, etc. | Prentice-Hall, |
| Date of publication, distribution, etc. | 1982. |
| 300 ## - PHYSICAL DESCRIPTION | |
| Extent | 152 p. : |
| Other physical details | ill. ; |
| Dimensions | 24 cm. |
| 505 ## - FORMATTED CONTENTS NOTE | |
| Formatted contents note | Introduction (Page-1), Review of Data Transfer Formats (Page-3), Sampling The External World (Page-19), Digital To Analog Conversion (Page-62), Utilization of the Mod III in Serial Applications (Page-68), Biofeedback (Page-84), Controlling a Video Playback Devices (Page-100), Data Analysis (Page-122). |
| 650 #0 - SUBJECT ADDED ENTRY--TOPICAL TERM | |
| Topical term or geographic name entry element | Computer interfaces |
| General subdivision | Amateurs' manuals. |
| 9 (RLIN) | 112699 |
| 650 #0 - SUBJECT ADDED ENTRY--TOPICAL TERM | |
| Topical term or geographic name entry element | TRS-80 computers. |
| 9 (RLIN) | 112700 |
| 942 ## - ADDED ENTRY ELEMENTS (KOHA) | |
| Source of classification or shelving scheme | |
| Koha item type | Book |
| Call number prefix | 004.6,HAL |
| Withdrawn status | Lost status | Source of classification or shelving scheme | Damaged status | Not for loan | Permanent Location | Current Location | Shelving location | Date acquired | Full call number | Barcode | Date last seen | Price effective from | Koha item type | Public note |
|---|---|---|---|---|---|---|---|---|---|---|---|---|---|---|
| Military College of Signals (MCS) | Military College of Signals (MCS) | General Stacks | 12/12/2016 | 004.6,HAL | MCS2235 | 12/08/2016 | 12/12/2016 | Book | Almirah No.79, Shelf No.5 | |||||
| Military College of Signals (MCS) | Military College of Signals (MCS) | General Stacks | 12/12/2016 | 004.6,HAL | MCS2236 | 12/08/2016 | 12/12/2016 | Book | Almirah No.79, Shelf No.5 | |||||
| Military College of Signals (MCS) | Military College of Signals (MCS) | General Stacks | 12/12/2016 | 004.6,HAL | MCS2238 | 12/08/2016 | 12/12/2016 | Book | Almirah No.79, Shelf No.5 |
